<?xml version="1.0" encoding="UTF-8"?>
<record
    xmlns:xsi="http://www.w3.org/2001/XMLSchema-instance"
    xsi:schemaLocation="http://www.loc.gov/MARC21/slim http://www.loc.gov/standards/marcxml/schema/MARC21slim.xsd"
    xmlns="http://www.loc.gov/MARC21/slim">

  <leader>02169    a2200241   4500</leader>
  <controlfield tag="001">15159</controlfield>
  <controlfield tag="005">20260407155449.0</controlfield>
  <controlfield tag="008">260407a1994    arg                 spa d</controlfield>
  <controlfield tag="003">AR-UNSa-BCEJYS</controlfield>
  <datafield tag="040" ind1=" " ind2=" ">
    <subfield code="a">AR-UNSa-BCEJYS</subfield>
    <subfield code="b">spa</subfield>
    <subfield code="c">AR-UNSa-BCEJYS</subfield>
  </datafield>
  <datafield tag="080" ind1=" " ind2=" ">
    <subfield code="a">004.4</subfield>
    <subfield code="x">"Software". Equipo l&#xF3;gico, componentes l&#xF3;gicos, logical, programas</subfield>
  </datafield>
  <datafield tag="245" ind1="1" ind2="0">
    <subfield code="a">An&#xE1;lisis y dise&#xF1;o orientado a objetos</subfield>
  </datafield>
  <datafield tag="020" ind1=" " ind2=" ">
    <subfield code="a">968-880-362-6</subfield>
  </datafield>
  <datafield tag="264" ind1=" " ind2="1">
    <subfield code="a">M&#xE9;xico :</subfield>
    <subfield code="b">Prentice-Hall Hispanoamericana</subfield>
    <subfield code="c">1994</subfield>
  </datafield>
  <datafield tag="300" ind1=" " ind2=" ">
    <subfield code="a">xiv, 546 p.</subfield>
    <subfield code="c">23 cm.</subfield>
  </datafield>
  <datafield tag="505" ind1=" " ind2=" ">
    <subfield code="a">1. Una revoluci&#xF3;n industrial en el software - 2. Introducci&#xF3;n b&#xE1;sica - 3. &#xBF;Por qu&#xE9; orientado a objetos? - 4. El futuro de software - 5. Modelos OO - 6. An&#xE1;lisis de la estructura de objetos - 7. An&#xE1;lisis del comportamiento de objetos - 8. Dise&#xF1;o de la estructura y el comportamiento de un objeto - 9. Est&#xE1;ndares recomendados de diagramaci&#xF3;n - 10. Lenguajes de programaci&#xF3;n orientados a objetos - 11. Herramientas CASE - 12. Est&#xE1;ndares para la interacci&#xF3;n de objetos - 13. Bases de datos orientadas a objetos - 14. Ingenier&#xED;a de la informaci&#xF3;n orientada a objetos - 15. Conceptos y objetos - 16. Administraci&#xF3;n de la complejidad de un objeto - 17. Concepto versus tipo de objeto - 18. Tipos de objetos y asociaciones - 19. Funciones - 20. Relaciones - 21. Supertipos y subtipos - 22. Aspectos del comportamiento - 23. Tipos de eventos, reglas de activaci&#xF3;n, condiciones de control y operaciones - 24. An&#xE1;lisis del comportamiento de objetos - 25. Diagramas de flujo de objetos - 26. Dise&#xF1;o orientado a objetos: Asociaci&#xF3;n con las estructuras de los lenguajes de programaci&#xF3;n OO - 27. Dise&#xF1;o orientado a objetos: asociaci&#xF3;n con el comportamiento de un lenguaje de programaci&#xF3;n OO - 28. Dise&#xF1;o orientado a objetos: consideraciones en lenguajes no OO - 29. Administraci&#xF3;n de un proyecto OO</subfield>
  </datafield>
  <datafield tag="942" ind1=" " ind2=" ">
    <subfield code="c">BK</subfield>
  </datafield>
  <datafield tag="590" ind1=" " ind2=" ">
    <subfield code="a">niveau_biblio:m niveau_hierar:0</subfield>
  </datafield>
  <datafield tag="100" ind1="1" ind2=" ">
    <subfield code="a">Martin, James</subfield>
  </datafield>
  <datafield tag="700" ind1="1" ind2=" ">
    <subfield code="a">Odell, James J.</subfield>
  </datafield>
  <datafield tag="700" ind1="1" ind2=" ">
    <subfield code="a">Palmas Velasco, Oscar Alfredo</subfield>
  </datafield>
  <datafield tag="856" ind1="4" ind2="1">
    <subfield code="u">https://biblioeco.unsa.edu.ar/pmb/images/libros/An?lisis y dise?o orientado a objetos  Martin, James (1994) .jpg</subfield>
    <subfield code="y">Imagen de portada</subfield>
    <subfield code="q">image/jpeg</subfield>
  </datafield>
  <datafield tag="999" ind1=" " ind2=" ">
    <subfield code="c">615</subfield>
    <subfield code="d">615</subfield>
  </datafield>
  <datafield tag="952" ind1=" " ind2=" ">
    <subfield code="0">0</subfield>
    <subfield code="1">0</subfield>
    <subfield code="4">0</subfield>
    <subfield code="7">0</subfield>
    <subfield code="a">BCEJYS</subfield>
    <subfield code="b">BCEJYS</subfield>
    <subfield code="c">16</subfield>
    <subfield code="d">2026-04-07</subfield>
    <subfield code="l">0</subfield>
    <subfield code="o">004.4 M378</subfield>
    <subfield code="p">L119009</subfield>
    <subfield code="r">2026-04-07 15:54:49</subfield>
    <subfield code="w">2026-04-07</subfield>
    <subfield code="y">L</subfield>
  </datafield>
</record>
